| 000 | 00712nam a22002057a 4500 | ||
|---|---|---|---|
| 005 | 2010080702052.0 | ||
| 010 | _aENG-98849 | ||
| 020 |
_a9788190752176 _c90.00 |
||
| 035 | _aEN-82381 | ||
| 037 | _bDBAD/PUB | ||
| 082 | _a005.133 | ||
| 100 |
_aRavi, P. _98848 |
||
| 245 |
_aProgramming in cobol / _cby P. Ravi |
||
| 260 |
_aRajapalaiyam _bGuna Puthaga Nilayam _c2008 |
||
| 270 |
_a90, Mudangiaru Road _bRajapalaiyam _e626117 |
||
| 300 |
_a147p. _c21cm (pbk) |
||
| 650 |
_aCobal (Computer Programme Language) _98849 |
||
| 942 |
_2ddc _cEN _h005.133 _mRAV |
||
| 999 |
_c40178 _d40178 |
||